000 00180nam a2200085Ia 4500
008 170620s9999 xx 000 0 und d
100 _aMulla
245 0 _aHindu Law
260 _bButterwarth Pub
260 _c2000
999 _c28557
_d28557